|
|
|
|
| LEADER |
00000nam0a2200000 4500 |
| 001 |
47958 |
| 005 |
20231031030801.0 |
| 035 |
|
|
|a (RuTPU)RU\TPU\book\50149
|
| 090 |
|
|
|a 47958
|
| 100 |
|
|
|a 20030227d1958 km y0rusy50 ca
|
| 101 |
0 |
|
|a rus
|
| 102 |
|
|
|a RU
|
| 105 |
|
|
|a y z 001zy
|
| 200 |
1 |
|
|a Проектирование следящих систем малой мощности
|f В. А. Бесекерский, В. П. Орлов, Л. В. Полонская, С. М. Федоров
|g Под ред. В. А. Бесекерского
|
| 210 |
|
|
|a Ленинград
|c Судпромгиз
|d 1958
|
| 215 |
|
|
|a 508 с.
|
| 320 |
|
|
|a Библиогр.: с. 500-504
|
| 610 |
1 |
|
|a следящие системы
|
| 610 |
1 |
|
|a проектирование
|
| 610 |
1 |
|
|a характеристики
|
| 610 |
1 |
|
|a синтез
|
| 610 |
1 |
|
|a гиростабилизаторы
|
| 610 |
1 |
|
|a расчеты
|
| 610 |
1 |
|
|a элементы
|
| 675 |
|
|
|a 621.01
|v 3
|
| 675 |
|
|
|a 621.398
|v 3
|
| 701 |
|
1 |
|a Бесекерский
|b В. А.
|
| 701 |
|
1 |
|a Орлов
|b В. П.
|
| 701 |
|
1 |
|a Полонская
|b Л. В.
|
| 701 |
|
1 |
|a Федоров
|b С. М.
|
| 702 |
|
1 |
|a Бесекерский
|b В. А.
|4 340
|
| 801 |
|
1 |
|a RU
|b 63413507
|c 20030227
|g PSBO
|
| 801 |
|
2 |
|a RU
|b 63413507
|c 20111012
|g PSBO
|
| 942 |
|
|
|c BK
|